-
RAJPUT, HAKIM SINGH & SHARMA, DR. UMA SHANKAR AND YADAV, DR. VIMAL KUMAR
Entry Personal Name
Number of records used in: 1
001 - CONTROL NUMBER
003 - CONTROL NUMBER IDENTIFIER
005 - DATE AND TIME OF LATEST TRANSACTION
- control field:
20251120120928.0
008 - FIXED-LENGTH DATA ELEMENTS
- fixed length control field:
251120|| aca||aabn | a|a d
040 ## - CATALOGING SOURCE
- Original cataloging agency:
JRU
- Transcribing agency:
JRU
100 ## - HEADING--PERSONAL NAME
- Personal name:
RAJPUT, HAKIM SINGH & SHARMA, DR. UMA SHANKAR AND YADAV, DR. VIMAL KUMAR
670 ## - SOURCE DATA FOUND
- Source citation:
Work cat.: (JRU)8921: RAJPUT, HAKIM SINGH & SHARMA, DR. UMA SHANKAR AND YADAV, DR. VIMAL KUMAR, A TEXT BOOK OF PHARMACY PRACTICE FOR B. PHARMA [7TH SEM] 4TH. YEAR , 2023